000
00354nam a2200145Ia 4500
008
090122s9999 xx 000 0 und d
082
_b
5428
_a
891.4681
100
_a
किणीकर
_b
रॉय
245
_a
राञ
600
_a
किणीकर
630
_a
राञ
700
_a
किणीकर
730
_a
राञ
942
_c
BOOK
999
_c
29506
_d
29506